LIBRARY & INFORMATION CENTRE, KCAET, TAVANUR

ONLINE PUBLIC ACCESS CATALOGUE (OPAC)

Intellectual property: the law of trademarks, copyrights, patents, and trade secrets (Record no. 14083)

MARC details
000 -LEADER
fixed length control field 00347nam a22001217a 4500
020 ## - INTERNATIONAL STANDARD BOOK NUMBER
ISBN 9788131516577
082 ## - DEWEY DECIMAL CLASSIFICATION NUMBER
Classification number 346.048
Item number BOU/IN
100 ## - MAIN ENTRY--AUTHOR NAME
Personal name Bouchoux, Deborah E
245 ## - TITLE STATEMENT
Title Intellectual property: the law of trademarks, copyrights, patents, and trade secrets
250 ## - EDITION STATEMENT
Edition statement 3rd
260 ## - PUBLICATION, DISTRIBUTION, ETC. (IMPRINT)
Place of publication New Delhi
Name of publisher Cengage Learning
Year of publication 2012
942 ## - ADDED ENTRY ELEMENTS (KOHA)
Koha item type Books
Holdings
Withdrawn status Lost status Damaged status Collection code Home library Current library Shelving location Date acquired Source of acquisition Full call number Accession Number Koha item type
        KAUAET KAUAET General Stacks 30/03/2013 Aman Book Stall, Calicut 346.048 BOU/IN 24058 Books
free website counter